000 00313nam a22001337a 4500
008 170613b xxu||||| |||| 00| 0 eng d
020 _a9780802065421
041 _aeng
080 _a94
100 _a17
101 _aSHH
245 _aTHE INDEPEDENCE MOVEMENTIN QUEBEC 1945-1980
_cCOLEMAN,W.D
942 _2udc
_cBK
999 _c17177
_d17177